Malaysia's who's who : volume 2 : M to Z.
| Format: | Book |
|---|---|
| Published: |
Kuala Lumpur:
Kasuya Management,
2007.
|
| Subjects: |
| LEADER | 00513cam a2200169 7i4500 | ||
|---|---|---|---|
| 001 | 0000021507 | ||
| 005 | 20080804090000.0 | ||
| 020 | 0 | 0 | |a 978-983-9624-05-2 |
| 090 | 0 | 0 | |a M 920.0595 |b MAL |
| 245 | 0 | 0 | |a Malaysia's who's who : |b volume 2 : M to Z. |
| 260 | 0 | 0 | |a Kuala Lumpur: |b Kasuya Management, |c 2007. |
| 300 | # | # | |a 2v [2534 p]. |
| 500 | 0 | 0 | |a Library has volume 1 : A to L |
| 500 | 0 | 0 | |a Volume 2 : M to Z |
| 650 | 0 | 0 | |a Malaysia -- |x Biography |
| 651 | 0 | 0 | |a Malaysia |
| 999 | |a 0000022575 |b Book |c Malaysia |e Business Information Centre | ||


